Soul repair : (Record no. 45905)
[ view plain ]
| 000 -LEADER | |
|---|---|
| fixed length control field | 01151nam a22002658a 4500 |
| 001 - CONTROL NUMBER | |
| control field | 223907314 |
| 005 - DATE AND TIME OF LATEST TRANSACTION | |
| control field | 20190319090609.0 |
| 008 - FIXED-LENGTH DATA ELEMENTS--GENERAL INFORMATION | |
| fixed length control field | 080523s2008 ilu b 000 0 eng |
| 010 ## - LIBRARY OF CONGRESS CONTROL NUMBER | |
| LC control number | 2008022652 |
| 020 ## - INTERNATIONAL STANDARD BOOK NUMBER | |
| International Standard Book Number | 9780830834976 |
| 035 ## - SYSTEM CONTROL NUMBER | |
| System control number | (OCoLC)223907314 |
| 100 1# - MAIN ENTRY--PERSONAL NAME | |
| Personal name | Ryan, Dale, |
| Dates associated with a name | 1947- |
| 245 10 - TITLE STATEMENT | |
| Title | Soul repair : |
| Remainder of title | rebuilding your spiritual life / |
| Statement of responsibility, etc | Dale Ryan, Juanita Ryan, and Jeff VanVonderen. |
| 260 ## - PUBLICATION, DISTRIBUTION, ETC. (IMPRINT) | |
| Place of publication, distribution, etc | Downers Grove, Ill. : |
| Name of publisher, distributor, etc | IVP Books, |
| Date of publication, distribution, etc | 2008. |
| 300 ## - PHYSICAL DESCRIPTION | |
| Extent | 180 p. cm. |
| 336 ## - CONTENT TYPE | |
| Content Type Term | text |
| 337 ## - MEDIA TYPE | |
| Media Type Term | unmediated |
| 338 ## - CARRIER TYPE | |
| Carrier Type Term | volume |
| 504 ## - BIBLIOGRAPHY, ETC. NOTE | |
| Bibliography, etc | Includes bibliographical references. |
| 505 0# - FORMATTED CONTENTS NOTE | |
| Formatted contents note | Introduction -- Part I: Distorted spirituality -- Abusive spirituality -- Anorexic spirituality -- Addictive spirituality -- Co-dependent spirituality -- Distorted images of God -- Part II: Tools for reconstruction -- Beginning to rebuild -- Building a solid spiritual framework -- Relying on God -- Practicing honesty and humility -- Living in community -- Giving back -- Next steps. |
| 650 #0 - SUBJECT ADDED ENTRY--TOPICAL TERM | |
| Topical term or geographic name as entry element | Spiritual life |
| General subdivision | Christianity. |
| 700 1# - ADDED ENTRY--PERSONAL NAME | |
| Personal name | Ryan, Juanita, |
| Dates associated with a name | 1949- |
| 700 1# - ADDED ENTRY--PERSONAL NAME | |
| Personal name | VanVonderen, Jeffrey. |
| 942 ## - ADDED ENTRY ELEMENTS (KOHA) | |
| Source of classification or shelving scheme | Library of Congress Classification |
| Item type | Books |
| Withdrawn status | Lost status | Source of classification or shelving scheme | Damaged status | Not for loan | Home library | Current library | Shelving location | Date acquired | Source of acquisition | Inventory number | Total Checkouts | Full call number | Barcode | Date last seen | Price effective from | Koha item type |
|---|---|---|---|---|---|---|---|---|---|---|---|---|---|---|---|---|
| Library of Congress Classification | BSOP Library | BSOP Library | GC | 03/19/2019 | Donated by Dr. William and Mariel Kirwan | 45159 | BV4501.3 V37 2008 | 00056159 | 03/19/2019 | 03/19/2019 | Books |
